Pays qui exportent le plus de voiture au monde - Statistiques

Statistiques générales
  • Ce quiz a été pris 177 fois
  • Le résultat moyen est 8 sur 10
Statistiques - réponses
Volume d’exportation annuel Pays % Correct
2,9 million États-Unis
98%
4.8 million Japon
96%
5.5 million Allemagne
95%
2,6 million Chine
95%
1,5 million Italie
93%
1,7 million Espagne
80%
2,7 million Corée du Sud
73%
2,1 million Canada
69%
2,4 million Mexique
62%
1,8 million Belgique
34%
Aucun quiz correspondant
Distribution des résultats
% des personnes avec chaque résultat
Percentile par nombre de réponses
Votre historique - résultats
Vous n’avez pas pris ce quiz